Problems of the southern front. A memo from Robert Owen ("The Courier") to Lieutenant Colonel Oliver North ("The Hammer") /
En este memorandum "confidencial", Robert Owen enumera las dificultades que enfrentó al tratar de establecer el frente sur para los contras nicaraguense. Entre los problemas se citan: alcoholismo, corrupción, tráfico de drogas y la imposibilidad de convertir a los "contras" atrin...
Na minha lista:
| Autor principal: | |
|---|---|
| Outros Autores: | |
| Formato: | Desconhecido |
| Idioma: | English |
| Publicado em: |
Nueva York:
Grove Weidenfeld;
1989.
|
| Assuntos: | |
| Tags: |
Adicionar Tag
Sem tags, seja o primeiro a adicionar uma tag!
|
MARC
| LEADER | 00000 a2200000 04500 | ||
|---|---|---|---|
| 001 | 1863 | ||
| 003 | cru IIS | ||
| 005 | 20211215101617.0 | ||
| 008 | 991231s1989 nyu eng d | ||
| 020 | |a 0-8021-1081-9 | ||
| 040 | |a CRAI/IIS |c CRAI/IIS | ||
| 090 | |a 04.03.01 E22c | ||
| 100 | |a Edelman, Marc | ||
| 245 | |a Problems of the southern front. |b A memo from Robert Owen ("The Courier") to Lieutenant Colonel Oliver North ("The Hammer") / |c Marc Edelman; Joanne Kenen | ||
| 260 | |a Nueva York: |b Grove Weidenfeld; |c 1989. | ||
| 300 | |a páginas 344-348 | ||
| 500 | |a Colección Centroamérica | ||
| 520 | |a En este memorandum "confidencial", Robert Owen enumera las dificultades que enfrentó al tratar de establecer el frente sur para los contras nicaraguense. Entre los problemas se citan: alcoholismo, corrupción, tráfico de drogas y la imposibilidad de convertir a los "contras" atrincherados en Costa Rica, en una verdadera fuerza de batalla. El memo también hace referencia a los intentos por hacer que Edén Pastora tomara control de los contras que estaban bajo la dirección de Estados Unidos. Este memorandum fue enviado a Oliver North, figura central en el escándolo Irán-contras. AB/JM | ||
| 650 | |a INTERVENCION EXTRANJERA |0 TESAUROS | ||
| 650 | |a POLITICA EXTERIOR |0 TESAUROS | ||
| 650 | |a BASES MILITARES |0 TESAUROS | ||
| 650 | |a FUERZAS ARMADAS |0 TESAUROS | ||
| 650 | |a MILITARISMO |0 TESAUROS | ||
| 650 | |a AYUDA MILITAR |0 TESAUROS | ||
| 700 | |a Kenen, Joanne; | ||
| 773 | 0 | |g páginas 344-348 | |
| 852 | 1 | 1 | |a 04.03.01 E22c |
| 942 | |2 ddc |c LI |h 04.03.01 E22c |k 04.03.01 |m E22c |6 040301_E22C | ||
| 999 | |c 11791 |d 11791 | ||
| 773 | 0 | |0 43851 |9 5999 |a Edelman, Marc |d Nueva york: Grove Weidenfeld; 1989 |o 09267 |t The Costa Rica Reader / |z 0-8021-1081-9 | |



